00181 a2200085 4500020001800000100002500018245002200043250001200065260001800077 a9789356063600 aTanenbaum Andrew. S. aComputer Networks a6th ed. bPearsonc2022